Kagurabachi - Story arcs - Statistics

General Stats
  • This quiz has been taken 13 times
  • The average score is 5 of 7
Answer Stats
Answer % Correct
Seitei War
89%
Vs. Sōjō
89%
Kyōto
78%
Rakuzaichi
78%
Sword Bearer Assassination
67%
Assault on Kamunabi Headquarters
56%
Prologue
56%
No matching quizzes found
Score Distribution
Percent of People with Each Score
Percentile by Number Answered
Your Score History
You have not taken this quiz